000
00235nam a22000977a 4500
003
SGT
245
_a
International Journal of Mechanical Engineering and Technology
260
_b
IAEME PUBLICATION
_c
2020
300
_a
400
942
_2
ddc
_c
BV
999
_c
29154
_d
29154